Statistics for Tallest NBA Players Ever Quiz

Click here to take the quiz!

General Stats

  • This quiz has been taken 42,745 times
    (20,394 since last reset)
  • The average score is 6 of 20

Answer Stats

Description Height Points Answer % Correct
The biggest basketball star to come out of China since ... ever7'6"9,247Yao Ming
97%
Stick-like Sudanese player with an 8'6" wingspan7'7"1,599Manute Bol
83%
Sky hook artist. The highest scoring player in NBA history7'2"38,387Kareem Abdul-Jabbar
63%
Latvian player traded from the Knicks to the Mavericks in 20197'3"3,312Kristaps Porzingis
56%
Player from the Congo who wagged his finger7'2"11,729Dikembe Mutombo
48%
Frequently posterized Mormon7'6"6,752Shawn Bradley
37%
The tallest player ever. Star of the film "My Giant"7'7"3,020Gheorghe Muresan
36%
Jazz player who averaged 5.56 blocks per game in 1985-86!7'4"5,216Mark Eaton
27%
He was an All-Star for the Pacers in 2012 and 20147'2"6,509Roy Hibbert
26%
Teammate of Lebron with the Cavs and Heat7'3"10,976┼Żydr┼źnas Ilgauskas
24%
Lithuanian legend who played most of his career abroad7'3"5,629Arvydas Sabonis
21%
Won three titles with the Bulls7'2"4,090Luc Longley
19%
"The Dunking Dutchman"7'4"12,871Rik Smits
19%
Three-time NCAA player of the year. Chosen by Houston with
the first pick in the 1983 draft
7'4"7,039Ralph Sampson
16%
Bulls and Spurs player known as "The A-Train"7'2"15,579Artis Gilmore
10%
Kansas Jayhawk who played with the Jazz7'2"3,512Greg Ostertag
5%
Otherwise unremarkable player from Minnesota7'3"4,599Randy Breuer
3%
NCAA champion at NC State with an unremarkable pro career7'2"4,190Tom Burleson
2%
Slovenian who bounced around the NBA for awhile7'2"2,452Primoz Brezec
2%
Supersonics and Mavericks player. He never attempted a 3 point shot7'2"8,203James Donaldson
1%

Score Distribution

Percentile by Number Answered

Percent of People with Each Score

Your Score History

You have not taken this quiz since the last reset